All 300+ 'M' Girl Names that have ever ranked in the top 1000 (US) - Statistics

General Stats
  • This quiz has been taken 87 times
  • The average score is 178 of 394
Answer Stats
Highest Rank Female Name % Correct
420 Maia
100%
997 Maiya
100%
50 Maya
100%
98 Mya
100%
605 Myah
100%
467 Mari
98%
7 Marie
98%
868 Marry
98%
1 Mary
98%
30 Maria
95%
67 Mariah
95%
675 Mariyah
95%
52 Mae
92%
792 Mai
92%
57 May
92%
520 Maye
92%
79 Mollie
89%
80 Molly
89%
348 Malissa
87%
351 Melisa
87%
2 Melissa
87%
804 Mellisa
87%
682 Mellissa
87%
5 Mia
87%
584 Miah
87%
859 Milissa
87%
86 Millie
87%
714 Milly
87%
877 Miya
87%
790 Machelle
84%
837 Maddie
84%
472 Madie
84%
3 Margaret
84%
776 Margarete
84%
673 Margarett
84%
526 Margarette
84%
659 Margeret
84%
286 Margret
84%
778 Margrett
84%
586 Mechelle
84%
856 Michal
84%
31 Michele
84%
577 Michell
84%
2 Michelle
84%
18 Mila
84%
183 Myla
84%
389 Mylah
84%
331 Malani
80%
814 Meilani
80%
990 Melani
80%
380 Mira
80%
158 Myra
80%
288 Maddison
79%
653 Madisen
79%
2 Madison
79%
338 Madisyn
79%
361 Madyson
79%
67 Marian
79%
522 Mariann
79%
139 Marianne
79%
138 Maryann
79%
406 Maryanne
79%
5 Minnie
77%
505 Maegan
75%
927 Magan
75%
757 Magen
75%
46 Maggie
75%
384 Marta
75%
14 Martha
75%
126 Meagan
75%
364 Meaghan
75%
10 Megan
75%
868 Meggan
75%
63 Meghan
75%
688 Meghann
75%
175 Mina
75%
369 Minna
75%
643 Madaline
74%
357 Madalyn
74%
578 Madalynn
74%
231 Madeleine
74%
56 Madeline
74%
58 Madelyn
74%
399 Madelynn
74%
287 Madilyn
74%
499 Madilynn
74%
843 Madlyn
74%
836 Makaila
74%
43 Makayla
74%
77 Marcia
74%
843 Mark
74%
68 Marsha
74%
393 Mckayla
74%
764 Meg
74%
439 Micaela
74%
952 Micayla
74%
100 Michaela
74%
273 Mikaela
74%
108 Mikayla
74%
16 Mabel
72%
822 Mabell
72%
239 Mabelle
72%
112 Mable
72%
994 Maebell
72%
828 Maebelle
72%
437 Maren
72%
865 Marin
72%
491 Maybell
72%
334 Maybelle
72%
255 Maisie
70%
791 Maisy
70%
351 Mazie
70%
39 Monica
70%
723 Monika
70%
445 Mallie
69%
331 Mandi
69%
732 Mandie
69%
94 Mandy
69%
230 Mona
69%
42 Mackenzie
67%
165 Mariana
67%
621 Marianna
67%
254 Marina
67%
538 Mara
66%
22 Morgan
66%
514 Macey
64%
214 Maci
64%
371 Macie
64%
221 Macy
64%
311 Margo
64%
126 Margot
64%
991 Melodee
64%
513 Melodie
64%
91 Melody
64%
79 Maxine
62%
934 Melania
62%
373 Michael
62%
859 Michaele
62%
73 Maeve
59%
372 Marci
59%
356 Marcie
59%
281 Marcy
59%
943 Marti
57%
803 Marty
57%
134 Miriam
57%
424 Maranda
56%
42 Melanie
56%
411 Melany
56%
831 Melonie
56%
729 Mindi
56%
131 Mindy
56%
57 Miranda
56%
626 Myranda
56%
718 Makena
54%
201 Makenna
54%
668 Malaya
54%
841 Malayah
54%
622 Maleah
54%
215 Malia
54%
924 Maliah
54%
254 Malinda
54%
358 Maliyah
54%
283 Margery
54%
16 Marjorie
54%
383 Marjory
54%
1000 Marlen
54%
168 Mathilda
54%
101 Matilda
54%
177 Mckenna
54%
81 Melinda
54%
635 Milan
54%
738 Missie
54%
541 Missy
54%
820 Mallorie
52%
91 Mallory
52%
803 Malorie
52%
13 Marilyn
52%
357 Marilynn
52%
193 Marla
52%
625 Marylin
52%
593 Marylyn
52%
371 Matie
52%
25 Mattie
52%
999 Mattye
52%
484 Maura
52%
93 Monique
52%
778 Mora
52%
147 Marisa
51%
53 Marissa
51%
558 Martina
51%
270 Mavis
51%
390 Misti
51%
917 Mistie
51%
40 Misty
51%
747 Marely
49%
535 Marilee
49%
430 Marlee
49%
690 Marleigh
49%
209 Marley
49%
882 Marylee
49%
771 Marleen
48%
39 Marlene
48%
89 Maureen
48%
337 Maurine
48%
575 Mickey
48%
822 Mickie
48%
99 Margie
46%
975 Margy
46%
772 Mariel
46%
478 Melina
46%
794 Mell
46%
68 Maud
44%
20 Maude
44%
398 Marlo
43%
624 Marlowe
43%
705 Marni
43%
472 Marnie
43%
234 Milani
43%
833 Moira
43%
150 Makenzie
41%
533 Marcelle
41%
133 Mckenzie
41%
140 Meredith
41%
435 Millicent
41%
334 Margarita
39%
471 Mariela
39%
992 Mariella
39%
464 Marlena
39%
112 Muriel
39%
737 Marge
38%
6 Mildred
38%
215 Miley
38%
801 Mimi
38%
559 Mylee
38%
860 Mylie
38%
506 Magdalen
36%
457 Magdalene
36%
986 Marcela
36%
155 Marcella
36%
848 Merri
36%
940 Merrie
36%
470 Merry
36%
233 Madge
34%
311 Marisol
34%
633 Maxie
34%
611 Mercy
33%
678 Milana
33%
701 Milena
33%
463 Mame
31%
53 Mamie
31%
554 Mammie
31%
42 Marion
31%
127 Mayme
31%
599 Maymie
31%
379 Mckinley
31%
176 Mercedes
31%
751 Meryl
31%
311 Magdalena
30%
491 Mariam
30%
316 Maribel
30%
390 Maryam
30%
901 Marybelle
30%
613 Micah
30%
505 Marceline
26%
959 Margarite
26%
78 Marguerite
26%
861 Margueritte
26%
883 Margurite
26%
801 Milania
26%
369 Miracle
26%
430 Mitzi
26%
28 Myrtle
26%
138 Magnolia
25%
808 Mena
25%
137 Myrna
25%
568 Manerva
23%
693 Marigold
23%
519 Marvel
23%
327 Meadow
23%
299 Merle
23%
194 Minerva
23%
657 Myrl
23%
638 Myrle
23%
436 Malaysia
21%
957 Maple
21%
636 Matthew
21%
389 Mellie
21%
569 Manie
20%
609 Mannie
20%
207 Melba
20%
526 Monroe
20%
732 Maira
18%
458 Manda
18%
182 Mayra
18%
202 Mittie
18%
486 Manuela
16%
787 Marilla
16%
782 Montie
16%
478 Moriah
16%
474 Murphy
16%
996 Maelynn
15%
361 Marietta
15%
470 Marlyn
15%
431 Mathilde
15%
639 Matilde
15%
217 Meta
15%
875 Metha
15%
445 Metta
15%
718 Monnie
15%
403 Maritza
13%
342 Marva
13%
523 Montana
13%
837 Maurice
11%
723 Merlene
11%
779 Minda
11%
561 Madonna
10%
667 Maribeth
10%
792 Marilou
10%
442 Marybeth
10%
504 Maryjane
10%
350 Marylou
10%
372 Melva
10%
755 Milagros
10%
635 Monserrat
10%
654 Montserrat
10%
899 Mahalia
8%
604 Margaretha
8%
553 Margaretta
8%
936 Margretta
8%
450 Maryellen
8%
236 Maudie
8%
941 Mazikeen
8%
486 Mintie
8%
475 Malvina
7%
985 Marylouise
7%
305 Melvina
7%
485 Mettie
7%
757 Miller
7%
339 Missouri
7%
212 Myrtie
7%
883 Marget
5%
845 Marita
5%
576 Maryjo
5%
384 Meda
5%
661 Media
5%
799 Merna
5%
883 Merrilee
5%
513 Merrily
5%
448 Mireya
5%
720 Mossie
5%
400 Myrta
5%
758 Mafalda
3%
355 Mahala
3%
735 Maida
3%
453 Maricela
3%
495 Marisela
3%
966 Markita
3%
325 Marlys
3%
417 Marquita
3%
757 Martika
3%
812 Mendy
3%
970 Michelina
3%
681 Mima
3%
323 Minta
3%
945 Moesha
3%
645 Mozell
3%
417 Mozelle
3%
534 Myrtice
3%
465 Myrtis
3%
852 Makala
2%
986 Malka
2%
980 Margene
2%
622 Marinda
2%
820 Merilyn
2%
289 Mertie
2%
661 Mikala
2%
808 Mikalah
2%
966 Milda
2%
898 Madora
0%
866 Mahalie
0%
648 Malissie
0%
900 Manervia
0%
755 Manuelita
0%
852 Mardell
0%
998 Marianita
0%
727 Marnita
0%
974 Marolyn
0%
725 Medora
0%
698 Migdalia
0%
727 Mignon
0%
718 Minervia
0%
715 Mirtie
0%
996 Modena
0%
892 Mozella
0%
No matching quizzes found
Score Distribution
Percent of People with Each Score
Percentile by Number Answered
Your Score History
You have not taken this quiz